| 000 | 00503cam a2200205u 4500 | ||
|---|---|---|---|
| 001 | 6432102 | ||
| 005 | 20180226041055.0 | ||
| 008 | 830217s1936 nyu 000 0 eng | ||
| 010 | _a 37027065 | ||
| 040 |
_aDLC _cCarP _dDLC |
||
| 041 | _aeng | ||
| 080 | _a159.9 FRE | ||
| 082 | _a159.9 FRE | ||
| 100 | 1 | _a49 | |
| 101 | _aPSI | ||
| 240 | 1 | 0 |
_aHemmung, symptom, und angst. _lEnglish |
| 245 | 1 | 4 | _aThe problem of anxiety; |
| 906 |
_a0 _bcbc _cpremunv _du _encip _f19 _gy-gencatlg |
||
| 942 |
_2ddc _cBK |
||
| 999 |
_c43413 _d43413 |
||